00605nab a22001697a 4500003000400000005001700004008004100021040000800062041000800070100013900078245009000217260001000307500002600317773006400343942001300407999001500420BPK20160223121723.0160223b1985 xxu||||| |||| 00| ||eng  cBPK aeng aŁUKIANOWICZ, Czesław.d1973 - 1996.bWyższa Szkoła Inżynierska w Koszalinie - Wydział Mechaniczny,cZakład Technologii Maszyn aAnalysis of light scattering by rough manufactured surfaces /cCzesław Łukianowicz. c1985. aDane z kartoteki bpp. iW :tPrecision Engineering. -g1985, Vol. 7, nr 2, s. 67-71 cART2UKD c7344d7344